Kinh tế học vi mô : Giáo trình dùng trong các trường đại học, cao đẳng khối kinh tế.

Wedi'i Gadw mewn:
Manylion Llyfryddiaeth
Fformat: Llyfr
Iaith:Vietnamese
Cyhoeddwyd: Giáo dục 2001
Tagiau: Ychwanegu Tag
Dim Tagiau, Byddwch y cyntaf i dagio'r cofnod hwn!
Thư viện lưu trữ: Mạng thư viện Đại học Đà Nẵng
LEADER 00642nam a2200241 4500
001 000020449
003 16895
005 20150318150330.0
008 150318s2001 viesd
020 |c 16600 
041 0 |a vie 
082 1 4 |a 338.5  |b Ki-T 
245 1 0 |a Kinh tế học vi mô : Giáo trình dùng trong các trường đại học, cao đẳng khối kinh tế. 
260 |b Giáo dục  |c 2001 
300 |a tr.  |c cm. 
OWN |a LSP 
999 |a From the UDN01 
TYP |a Monograph 
TYP |a Printed language 
980 |a Mạng thư viện Đại học Đà Nẵng